书目信息 |
| 题名: |
营销的100条黄金法则
|
|
| 作者: | 文光 , 宁川 著 | |
| 分册: | ||
| 出版信息: | 北京 中央编译出版社 2004.01 |
|
| 页数: | 322页 | |
| 开本: | 24cm | |
| 丛书名: | 黄金法则书系 | |
| 单 册: | ||
| 中图分类: | F713.50 | |
| 科图分类: | ||
| 主题词: | 市场营销学 | |
| 电子资源: | ||
| ISBN: | 7-80109-749-1 | |
| 000 | 00796nam2 2200265 45 | |
| 001 | 012004000000 | |
| 005 | 20041104082321.05 | |
| 010 | @a7-80109-749-1@dCNY 25.00 | |
| 100 | @a20040910d2004 em y0chiy0121 ea | |
| 101 | 0 | @achi |
| 102 | @aCN@b110000 | |
| 105 | @ay z 000yy | |
| 200 | 1 | @a营销的100条黄金法则@Aying xiao de 100 tiao huang jin fa ze@e100 gold rules@f文光, 宁川编@zeng |
| 210 | @a北京@c中央编译出版社@d2004.01 | |
| 215 | @a322页@d24cm | |
| 225 | 2 | @a黄金法则书系@dGold rule books@zeng |
| 410 | 0 | @12001 @a黄金法则书系 |
| 510 | 1 | @a100 gold rules@zeng |
| 510 | 1 | @aGold rule books@zeng |
| 606 | 0 | @a市场营销学 |
| 690 | @aF713.50@v4 | |
| 701 | 0 | @a文光@Awen guang@4著 |
| 701 | 0 | @a宁川@Aning chuan@4著 |
| 801 | 0 | @aCN@bQSSKt@c20041104 |
| 905 | @a10447@dF713.50@eW629 | |
| 营销的100条黄金法则:100 gold rules/文光, 宁川编.-北京:中央编译出版社,2004.01 |
| 322页;24cm.-(黄金法则书系=Gold rule books) |
| ISBN 7-80109-749-1:CNY 25.00 |
| ● |
| 相关链接 |
|
|
|
正题名:营销的100条黄金法则
索取号:F713.50/W629
 
预约/预借
| 序号 | 登录号 | 条形码 | 馆藏地/架位号 | 状态 | 备注 |
| 1 | 424957 | 204249571 | 社科库409/409社科库 43排6列4层/ [索取号:F713.50/W629] | 在馆 | |
| 2 | 424958 | 204249580 | 社科库409/409社科库 43排6列4层/ [索取号:F713.50/W629] | 在馆 |